|
|
|
|
| LEADER |
00000nam a22000007a 4500 |
| 005 |
20130117183657.0 |
| 007 |
cr|||| |||| |
| 008 |
130117e2012 bl |||||s|||| 00||0 por d |
| 020 |
|
|
|a 978-85-8085-012-3
|
| 035 |
|
|
|a 6910
|
| 040 |
|
|
|a vLex
|
| 090 |
|
|
|c 3535
|d 3535
|
| 100 |
1 |
0 |
|a Lima Filho, Altamiro de Araujo
|
| 245 |
1 |
0 |
|a Prefeitos e vereadores crimes e infraė̳s de responsabilidade
|h [Recurso electrn̤ico]
|
| 256 |
|
|
|a Servicio en ln̕ea
|
| 260 |
|
|
|a Sô Paulo :
|b Editoria mundo jurd̕ico,
|c 2012
|
| 300 |
|
|
|a 1 Recurso electrn̤ico
|
| 650 |
0 |
4 |
|a Derecho penal
|z Brasil
|
| 740 |
|
|
|a vLex Libros (Servicio en ln̕ea)
|
| 856 |
|
|
|a Acceso restringido
|u http://www.vlex.com/source/6910
|
| 942 |
|
|
|c BOOK
|
| 999 |
|
0 |
|a Penal law
|